| 000 | 00627nam a2200229 i 4500 | ||
|---|---|---|---|
| 001 | 16500 | ||
| 003 | ES-MaACL | ||
| 005 | 20240123190956.0 | ||
| 007 | t| | ||
| 008 | 001011s1933 sp ||||1| spa d | ||
| 080 | _a289 | ||
| 080 | _a1 Freud, Sigmund | ||
| 245 | 0 | 0 | _aFreud, crítica de su sistema. |
| 260 |
_aBarcelona : _bJ. Vilamala, _c1933. |
||
| 300 |
_a191 p. ; _c20 cm. |
||
| 490 | 1 |
_aLas sectas ; _v4 |
|
| 600 | 1 | 4 |
_aFreud, Sigmund, _d1856-1939- _xCrítica e interpretación _952549 |
| 650 | 1 | 4 |
_aSectas. _917000 |
| 830 | 0 |
_aLas sectas ; _v4 _9228655 |
|
| 852 |
_aES-MaACL _jC-7017 |
||
| 999 |
_c16500 _d16500 |
||